Cartas a un joven terapeuta : sobre la conducción de la psicoterapia /

Shranjeno v:
Bibliografske podrobnosti
Glavni avtor: Paul, Irving H. (autor)
Drugi avtorji: Pardal, Inés (traducción) (traducción)
Format: Knjiga
Jezik:španščina
Izdano: Buenos Aires, Argentina ; Amorrortu, 1976, c1976
Serija:(Biblioteca de Psicología Amorrortu)
Teme:
Oznake: Označite
Brez oznak, prvi označite!

MARC

LEADER 00000nam^a2200000^a^4500
001 000147688
005 20250521000000.0
009 20260310095955.168
037 |a Acervo ITESO - Biblioteca 
041 |a ESP 
082 |a 616. 891  |b PAU 
100 |a Paul, Irving H.  |e (autor) 
245 1 0 |a Cartas a un joven terapeuta :  |b sobre la conducción de la psicoterapia /  |c I.H. Paul ; tr. por I. Pardal. 
264 4 |a Buenos Aires, Argentina ;  |b Amorrortu,  |c 1976, c1976 
300 |a 319 p. 
336 |a texto  |b txt  |2 rdacontenido 
337 |a sin mediación  |b n  |2 rdamedio 
338 |a volumen  |b nc  |2 rdasoporte 
440 1 |a (Biblioteca de Psicología Amorrortu) 
500 |a Traducción de: Letters to Simon: On the Conduct of Psychotherapy 
649 |a XX 
650 |a Entrevista Psicológica 
650 |a Relación Terapéutica -  |x Tema Principal 
650 |a Psicoterapia 
650 |a Psicopatología -  |x Diagnóstico 
650 |a Psicopatología -  |x Tratamiento 
650 |a Psicología Clínica 
650 |a Psicoanálisis 
700 |a Pardal, Inés  |e (traducción) 
910 |a Fondo General 
920 |a Impresos - Libros 
930 |a Colección General 
905 |a 101 
901 |a 0500077121  |b IT1  |c ACC  |u 20250521 
902 |a https://opac.biblio.iteso.mx/vufind/Record/000147688